Normal view
MARC view
Entry Término temático
001 - NÚMERO DE CONTROL
- campo de control: 21730
003 - IDENTIFICADOR DEL NÚMERO DE CONTROL
- campo de control: FranzMayer
005 - FECHA Y HORA DE LA ÚLTIMA TRANSACCIÓN
- campo de control: 20190320210400.0
008 - DATOS DE LONGITUD FIJA
- campo de control de longitud fija: 190320|| aca||aabn | a|a d
040 ## - FUENTE DE LA CATALOGACIÓN
- Centro catalogador/agencia de origen: FranzMayer
- Centro/agencia transcriptor: FranzMayer
150 ## - ENCABEZAMIENTO--TÉRMINO DE MATERIA
- Término de materia o nombre geográfico como elemento de entrada: Poesía latina clásica
- Subdivisión de forma: Traducción al español
- Subdivisión cronológica: S. I a.C.
670 ## - FUENTE DE DATOS ENCONTRADOS
- Cita de la fuente: Work cat.: (FranzMayer): Virgilio Marón, Publio 70 - 19 a.C. 21729, Los seis libros primeros de la Eneida de Publio Virgilio Marón, traducidos en prosa castellana por el maestro Frai Luis de León., 1777